000 01585nam a2200325 a 4500
001 00003849
003 DO-SdBNP
005 20170224094738.0
007 00003849
008 091117s2004 dr ac 000 0 spa d
020 _a9993498262
040 _aBNPHU
_bspa
_cBNPHU
092 _axxxx
_bE77
100 1 _aIncháustegui, María Isabel
245 0 0 _aEspañol 3 :
_beducación básica /
_cMaría Isabel Incháustegui ; dirección editorial Obdulia García de Escobar ; ilustraciones Ruddy Núñez.
260 _aSanto Domingo :
_bSantillana,
_c2004.
300 _a176 p. :
_bil., retrs. ;
_c28 cm.
490 1 _aÁmbar
505 0 _gv. 3 :
_gunidad 1 --
_tConocemos a Rita --
_gunidad 2 --
_tJueguemos en el garaje --
_gunidad 3 --
_tLa carrera de relevos --
_gunidad 4 --
_tCriadores de mariposas --
_gunidad 5 --
_tLlega la navidad --
_gunidad 6 --
_tNoticias de la tía Juanita --
_gunidad 7 --
_tUn experimento científico --
_gunidad 8 --
_tEl viejo telescopio --
_gunidad 9 --
_tHojas para un cuaderno --
_gunidad 10 --
_tUna planta curiosa --
_gunidad 11 --
_tVamos de excursión --
_gunidad 12 --
_tUna tarde de junio --
_tUsamos el diccionario --
700 1 2 _aGarcía de Escobar, Obdulia,
_eed.
700 1 _aNúñez, Ruddy,
_eil.
830 0 _aÁmbar
930 1 _lBND01
_mLF1
_820100225
_f04
_pHD
_g7832
_he. 3
930 1 _lBND01
_mLF1
_820091118
_f01
_pHD
_g7832
930 1 _lBND01
_mLF1
_820100210
_f01
_pHD
_g7832
_he. 2
942 _2ddc
_cBK
956 _aYLOCKWARD
_b10
_c20150806
_lBND01
_h1324
956 _aVMATEO
_b10
_c20150813
_lBPMSU
_h00151
956 _aLOPEREZ
_b10
_c20160412
_lBPMSU
_h0041
999 _c9716
_d9716